| 000 | 00593nam a22001697a 4500 | ||
|---|---|---|---|
| 003 | OSt | ||
| 005 | 20140310182804.0 | ||
| 008 | 130214t xxu||||| |||| 00| 0 eng d | ||
| 050 |
_aHQ 35 _b.M489 2008 |
||
| 100 | _aMedialdea, Concepcion | ||
| 245 |
_aBasic adolescent sexuality education for educators (programa SABE) / _cConcepcion Medialdea, Ana Otte, Jose Perez Adan ; [translated by Celeste B. Baldonado]. |
||
| 260 |
_aQuezon City : _bPhilippine Heart Center, _c2008. |
||
| 300 |
_a 256 p. : _bill. (some col.) ; _c23 cm. |
||
| 521 | _aEDU | ||
| 942 |
_2lcc _cBK _kFOR |
||
| 999 |
_c16040 _d16040 |
||